00934nam a2200241Ia 4500001000600000003000900006008004100015040001300056040001300069041001300082100002300095100002900118245006100147245006800208250001100276260001100287260002100298260004900319300005900368500021900427650001500646650003100661H3148IT-RoPAU130308s9999 xx 000 0 und d aIT-RoPAU cIT-RoPAU aITALIANO aMarrone Gianfranco gCodice Aut. SPICS: 35715 aEfficacia simbolica dello spazio (L'): azioni e passioni bForme della Testualità. Teoria, Modelli, storia e Prospettive a1a ed. aTORINO bTesto & Immagine c2001 [1° Ed.:2001 - Ed.Ling.Originale:2001] a"18 p. (prefazione: no ; testo: 18 [pagine: 344-361])" aIl testo Fra un Varco Strettissimo. testo e Spazialità. Una Sistematica Distruzione. Sistema: Continuo/Discontinuo, Interno/Esterno. Processi: Dimensione Pragmatica, Dimensione Cognitiva, Dimensione Passionale. aSEMIOLOGIA eCodice materia Spics: 3251